Rotterdamse Wijken op een Kaart - Statistieken

Algemene statistieken
  • Deze quiz is 252 keer genomen
    144 sinds de laatste reset
  • De gemiddelde score is 11 van 22
Antwoorden op de kaart
Antwoorden kleurgecodeerd door een groen-rode schaal op de quizkaart volgens % correct hieronder.
 
Antwoordstatistieken
# Wijk % Correct
01 Centrum
84%
10 Feijenoord
82%
17 Hoek van Holland
80%
23 Botlek-Europoort-Maasvlakte
77%
08 Kralingen-Crooswijk
75%
15 Charlois
73%
05 Noord
65%
14 Prins Alexander
60%
13 Pernis
59%
03 Delfshaven
57%
06 Hillegersberg-Schiebroek
57%
12 IJsselmonde
47%
27 Rozenburg
47%
16 Hoogvliet
45%
04 Overschie
45%
21 Waalhaven-Eemhaven
34%
18 Spaanse Polder
26%
19 Nieuw-Mathenesse
14%
25 Rivium
13%
22 Vondelingenplaat
13%
24 Noord-West
8%
26 Schieveen
4%
Geen overeenkomende quizzen gevonden
Scoreverdeling
Procent van Mensen met Elke Score
Percentiel versus Aantal Correcte Antwoorden
Uw Scoregeschiedenis
U heeft deze quiz nog niet genomen sinds de laatste reset